000 00520nmm a2200169Ia 4500
008 251105s9999||||xx |||||||||||||||||und||
020 _a9788476588833
041 _aspa
100 _aGrassi, Ernesto
245 0 _aViajar sin llegar. Un encuentro filosófico con Iberoamérica
264 _a[Madrid, España] :
_bAnthropos,
_c2008
300 _a150 páginas
490 _aAutores, textos y temas. Humanismo
650 _aPhilosophy, Ethics
856 _uhttps://public.digitaliapublishing.com/a/15709
942 _cCF
999 _c85205
_d85205